| 000 | 00819cab a2200229 4500 | ||
|---|---|---|---|
| 001 | WB3304-16 | ||
| 008 | 090401t1997 xxu||||| |||| 00| 0 eng d | ||
| 035 | _a(Sirsi) u32990 | ||
| 041 | _aeng | ||
| 245 | _aHousing market survey | ||
| 260 | _c1997 | ||
| 350 | _a0 | ||
| 490 |
_aRICS Press Release _v(PR2.hms) 16 January 1997, (5) |
||
| 520 | _aThe latest "RICS Housing Market Survey" shows that December 1996 was a particularly strong month for house sales. However, the RICS predicts that MIRAS may be abolished to curb excessive growth. Report available from the RICS library price £10.00. | ||
| 650 | _aHOUSE PRICES | ||
| 650 | _aHOUSING MARKET | ||
| 650 | _aMIRAS | ||
| 650 | _aRICS SURVEY | ||
| 690 | _aPROPERTY-RESIDENTIAL PROPERTY-RESIDENTIAL PROPERTY MARKET | ||
| 942 | _n0 | ||
| 948 | _c04/03/1997 | ||
| 999 |
_c22046 _d22046 |
||